000 01333nam a22003017a 4500
005 20121025104536.0
008 121025t xxu||||| |||| 00| 0 eng d
010 _aENG-106128
020 _a9781259025952
_c525.00
020 _a1259025950
_c525.00
035 _aEN-89661
037 _bDBAD/PUB
040 _aDPL
_bEng
082 0 0 _a005.133
_222
100 1 _aDean, John,
_d1962-
_953334
245 1 0 _aIntroduction to programming with Java :
_ba problem solving approach /
_cby John S. Dean [and] Raymond H. Dean
260 _aNew Delhi
_bTata McGraw-Hill
_c2012
270 _a7 West Patel Nagar
_bNew Delhi
_e110008
300 _axxxii, 816p. :
_bill.
_c24cm(pbk)
500 _aIncludes index.
650 0 _aJava (Computer program language)
_953335
700 1 _aDean, Raymond H.
_d1936-
_953336
856 4 2 _3Publisher description
_uhttp://www.loc.gov/catdir/enhancements/fy0745/2007037978-d.html
856 4 1 _3Table of contents only
_uhttp://www.loc.gov/catdir/enhancements/fy0745/2007037978-t.html
942 _2ddc
_cEN
_h005.133
_mDEA
999 _c71070
_d71070